Statistics for Contemporary Christian Music-Select All

Click here to take the quiz!

General Stats

  • This quiz has been taken 42 times
  • The average score is 38 of 54

Answer Stats

QuestionTileSelect% Correct
Chris TomlinGood Good FatherYes
97%
Chris TomlinScarsNo
97%
Chris TomlinOld Church ChoirNo
94%
TobyMacSpeak LifeYes
94%
Lauren DaigleMean GirlsNo
91%
For King and CountryBurn The ShipsYes
89%
Chris TomlinCitizen of HeavenNo
89%
Lauren DaigleLook Up ChildYes
89%
TobyMacRise UpNo
89%
TobyMacThe AnswerNo
89%
Lauren DaigleI'm So BlessedNo
86%
Lauren DaigleThe Battle Is The Lord'sNo
86%
TobyMacEverythingYes
83%
Matthew WestFreedom HymnNo
83%
For King and CountryLiving HopeNo
83%
Lauren DaigleRescueYes
83%
For King and CountryWhen We PrayNo
83%
TobyMacAlive and BreathingNo
80%
Lauren DaigleFree To Be MeNo
80%
For King and CountryGod So LovedNo
80%
For King and Countryjoy.Yes
80%
Lauren DaigleYou Already KnowNo
80%
TobyMacGive Me Your EyesNo
77%
For King and CountryFix My EyesYes
74%
Lauren DaigleHow Can It BeYes
74%
Chris TomlinOne DayNo
74%
TobyMacThe ElementsYes
74%
Matthew WestThe Father's HouseNo
74%
Casting CrownsOnly JesusYes
71%
Chris TomlinFor The GoodNo
69%
For King and CountryRELATEYes
69%
Lauren DaigleStill Rolling StonesYes
69%
Matthew WestWhat IfYes
69%
TobyMac21 YearsYes
66%
Matthew WestGrace WinsYes
66%
Matthew WestTruth Be ToldYes
66%
Chris TomlinWho You Are To MeYes
66%
Casting CrownsEast to WestYes
63%
Chris TomlinIs He WorthyYes
63%
Casting CrownsScars In HeavenYes
63%
For King and CountryShouldersYes
63%
For King and CountryIt's Not Over YetYes
60%
Casting CrownsNobodyYes
60%
Matthew WestThat Was Then, This Is NowNo
60%
Casting CrownsAlmost HomeNo
57%
Casting CrownsVoice Of TruthYes
57%
Casting CrownsOh My SoulYes
54%
Casting CrownsStart Right HereYes
54%
Matthew WestThe MotionsYes
46%
Matthew WestMendedYes
40%
Matthew WestBeautiful Things We MissYes
31%
TobyMacI'm SorryYes
31%
Chris TomlinI See YouYes
29%
Casting CrownsLove Moved FirstYes
23%

Score Distribution

Percentile by Number Answered

Percent of People with Each Score

Your Score History

You have not taken this quiz